[Event "A beginners playground"]
[Site "SchemingMind.com"]
[Date "2005.02.11"]
[Round "-"]
[White "Open Defence"]
[Black "fretless"]
[Result "0-1"]
[WhiteCountry "IND"]
[BlackCountry "NOR"]
[WhiteElo "1540"]
[WhiteRD "89"]
[BlackElo "2013"]
[BlackRD "77"]
[GameID "8646"]

1. e4 c6 2. d4 d5 3. exd5 cxd5 4. c4 Nf6 5. Nc3 e6 6. Bg5 Be7 7. Nf3 O-O 8. Bd3 dxc4 9. Bxc4 Nc6 10. a3 Qb6
11. Na4 Qc7 12. O-O Rd8 13. Rc1 h6 14. Bxf6 Bxf6 15. Bb5 e5 16. Qe2 exd4 17. Rfd1 Bf5 18. Qc4 d3 19. Bxc6 Qxc6 20. Qxc6 bxc6
21. Rc5 Be6 22. Nc3 Rac8 23. Ne5 Bxe5 24. Rxe5 c5 25. Ne4 Bb3 26. Rd2 c4 27. Nc3 Re8 28. Rxe8+ Rxe8 29. f3 a5 30. h3 f5
31. Nb5 f4 32. Nc7 Rb8 33. Nd5 Bc2 34. Nxf4 Rxb2 35. Nd5 Rb3 36. a4 c3 37. Rf2 Ra3 38. Ne3 Ra1+ 39. Kh2 Bxa4 40. Kg3 d2
41. Kh2 Re1
0-1

[Event "A beginners playground"]
[Site "SchemingMind.com"]
[Date "2005.02.11"]
[Round "-"]
[White "fretless"]
[Black "Open Defence"]
[Result "1-0"]
[WhiteCountry "NOR"]
[BlackCountry "IND"]
[WhiteElo "2013"]
[WhiteRD "77"]
[BlackElo "1540"]
[BlackRD "89"]
[GameID "8647"]

1. e4 e5 2. Nf3 Nc6 3. Bc4 Nf6 4. Ng5 d5 5. exd5 Na5 6. d3 Be7 7. d6 Nxc4 8. dxe7 Qxe7 9. dxc4 O-O 10. O-O Rd8
11. Qe2 Bg4 12. f3 Bh5 13. Re1 h6 14. Ne4 Nd7 15. Nbc3 Qe6 16. Be3 f5 17. Ng3 Bf7 18. Nd5 Rac8 19. Nxf5 Re8 20. g4 Nf6
21. Rad1 Nxd5 22. cxd5 Qg6 23. c4 e4 24. f4 a6 25. d6 cxd6 26. Nxd6 Be6 27. f5 Bxf5 28. Nxf5 Rc6 29. Rd7 Qf6 30. Bd4 Qf8
31. Rxg7+
1-0

[Event "A beginners playground"]
[Site "SchemingMind.com"]
[Date "2005.02.13"]
[Round "-"]
[White "suruat"]
[Black "fretless"]
[Result "0-1"]
[WhiteCountry "INT"]
[BlackCountry "NOR"]
[WhiteElo "1617"]
[WhiteRD "135"]
[BlackElo "2013"]
[BlackRD "77"]
[GameID "8708"]

1. Nf3 d5 2. c4 Nf6 3. e3 e6 4. d4 c5 5. Nc3 cxd4 6. exd4 Bb4 7. Qa4+ Nc6 8. Bg5 O-O 9. a3 Bxc3+ 10. bxc3 Bd7
11. Qc2 h6 12. Bh4 Rc8 13. Bd3 dxc4 14. Bh7+ Kh8 15. Ne5 g5 16. Bg3 Nxh7 17. h4 Nxe5 18. dxe5 Bc6 19. Rd1 Qe7 20. Rd4 Qxa3
21. Rh2 Rfd8 22. hxg5 Rxd4 23. cxd4 Ba4
0-1

[Event "A beginners playground"]
[Site "SchemingMind.com"]
[Date "2005.02.13"]
[Round "-"]
[White "suruat"]
[Black "Open Defence"]
[Result "0-1"]
[WhiteCountry "INT"]
[BlackCountry "IND"]
[WhiteElo "1636"]
[WhiteRD "166"]
[BlackElo "1688"]
[BlackRD "131"]
[GameID "8709"]

1. e4 e5 2. Nf3 Nc6 3. d4 exd4 4. Nxd4 Nf6 5. Nc3 Bc5 6. Nf5 O-O 7. Bg5 d5 8. Bxf6 Qxf6 9. Qxd5 Bxf5 10. Qxc5 Rfe8
11. O-O-O Bxe4 12. f3 Bg6 13. Nd5 Qg5+ 14. Kb1 Rad8 15. f4 Rxd5 16. Rxd5 Re1+
0-1

[Event "A beginners playground"]
[Site "SchemingMind.com"]
[Date "2005.02.14"]
[Round "-"]
[White "fretless"]
[Black "suruat"]
[Result "1-0"]
[WhiteCountry "NOR"]
[BlackCountry "INT"]
[WhiteElo "2013"]
[WhiteRD "77"]
[BlackElo "1617"]
[BlackRD "135"]
[GameID "8710"]

1. d4 Nf6 2. c4 c5 3. Nf3 g6 4. dxc5 Qa5+ 5. Nc3 Bg7 6. Qa4 Qxa4 7. Nxa4 Na6 8. a3 Ne4 9. Rb1 Naxc5 10. Nxc5 Nxc5
11. b4 Ne4 12. Bb2 O-O 13. e3 d6 14. Bxg7 Kxg7 15. Bd3 f5 16. Nd2 Nxd2 17. Kxd2 Bd7 18. Rhd1 Rac8 19. Rbc1 b6 20. Kc3 Bc6
21. f3 d5 22. Kb2 dxc4 23. Bxc4 Kf6 24. Ba6 Ba4 25. Rxc8 Rxc8 26. Bxc8 Bxd1 27. Kc3 Ke5 28. Bb7 Be2 29. f4+ Ke6 30. Kd4 Kd6
31. e4 e6 32. g3 Kc7 33. exf5 Kxb7 34. f6
1-0

[Event "A beginners playground"]
[Site "SchemingMind.com"]
[Date "2005.02.14"]
[Round "-"]
[White "Open Defence"]
[Black "suruat"]
[Result "0-1"]
[WhiteCountry "IND"]
[BlackCountry "INT"]
[WhiteElo "1540"]
[WhiteRD "89"]
[BlackElo "1617"]
[BlackRD "135"]
[GameID "8711"]

1. e4 Nf6 2. e5 Ng8 3. Nf3 e6 4. d4 d5 5. c4 c5 6. cxd5 exd5 7. Be2 Nc6 8. Bg5 Qb6 9. Qb3 Qxb3 10. axb3 cxd4
11. O-O h6 12. Bd2 Nge7 13. Bb5 Bd7 14. Re1 g5 15. Bxc6 Nxc6 16. Na3 a6 17. Nc2 d3 18. Ncd4 Bg7 19. Nxc6 Bxc6 20. e6 Bxb2
21. exf7+ Kxf7 22. Ra2 Bf6 23. Ne5+ Bxe5 24. Rxe5 Rae8 25. Bc3 Rxe5 26. Bxe5 Re8 27. f4 gxf4 28. Bxf4 Kg6 29. Kf2 h5 30. g3 Kf5
31. Rd2 Ke4 32. Rd1 Kd4 33. Rd2 Kc3 34. b4 Bb5 35. Rd1 Re2+ 36. Kf3 d4 37. Rc1+ Rc2 38. g4 hxg4+ 39. Kxg4 Rxc1 40. Bxc1 d2
41. Bxd2+ Kxd2 42. h4 Be2+ 43. Kf4 d3
0-1

[Event "A beginners playground"]
[Site "SchemingMind.com"]
[Date "2005.02.15"]
[Round "-"]
[White "Sebastian Strauchler"]
[Black "fretless"]
[Result "0-1"]
[WhiteCountry "ARG"]
[BlackCountry "NOR"]
[WhiteElo "1963"]
[WhiteRD "123"]
[BlackElo "1950"]
[BlackRD "75"]
[GameID "8773"]

1. e4 c5 2. Nf3 d6 3. c3 Nc6 4. d4 cxd4 5. cxd4 Nf6 6. Nc3 Bg4 7. Be3 d5 8. e5 Ne4 9. Bd3 Qa5 10. O-O Nxc3
11. bxc3 Qxc3 12. Rc1 Qa3 13. Bb5 Rc8 14. Qd2 e6 15. Ne1 Bb4 16. Qd3 O-O 17. Nc2 Qxd3 18. Bxd3 Be7 19. Rb1 Rc7 20. Rb5 Rfc8
21. f4 Nd8 22. h3 Be2 23. Bxe2 Rxc2 24. Bd3 Rxa2 25. Bb1 Ra3 26. Kf2 Rcc3 27. Bd2 Rcb3 28. Rxb3 Rxb3 29. Rc1 Nc6 30. Bc2 Bh4+
31. Kf1 Rb2 32. Bc3 Ra2 33. Ke2 g5 34. Kf3 gxf4 35. Kxf4 h6
0-1

[Event "A beginners playground"]
[Site "SchemingMind.com"]
[Date "2005.02.23"]
[Round "-"]
[White "Sebastian Strauchler"]
[Black "suruat"]
[Result "1-0"]
[WhiteCountry "ARG"]
[BlackCountry "INT"]
[WhiteElo "1899"]
[WhiteRD "146"]
[BlackElo "1617"]
[BlackRD "135"]
[GameID "8774"]

1. e4 b6 2. d4 Bb7 3. Nc3 e6 4. Nf3 c5 5. Bd3 d5 6. exd5 exd5 7. dxc5 Bxc5 8. Bb5+ Kf8 9. O-O a6 10. Ba4 Nf6
11. Re1 Nc6 12. Bg5 h6 13. Bxf6 Qxf6 14. Nxd5 Qd6 15. c4 Rd8 16. a3 a5 17. Qe2 h5 18. Rad1 Qe6 19. Qxe6 fxe6 20. Rxe6
1-0

[Event "A beginners playground"]
[Site "SchemingMind.com"]
[Date "2005.02.28"]
[Round "-"]
[White "Sebastian Strauchler"]
[Black "Open Defence"]
[Result "1-0"]
[WhiteCountry "ARG"]
[BlackCountry "IND"]
[WhiteElo "1899"]
[WhiteRD "146"]
[BlackElo "1540"]
[BlackRD "89"]
[GameID "8775"]

1. e4 e5 2. Nf3 Nc6 3. Bb5 a6 4. Ba4 Nf6 5. O-O Be7 6. Re1 b5 7. Bb3 d6 8. c3 O-O 9. h3 Na5 10. Bc2 c5
11. a4 Bb7 12. d4 Nd7 13. Nbd2 Re8 14. d5 Nb6 15. Nf1 Bc8 16. Ng3 Nbc4 17. Nh2 Bd7 18. Nhf1 Bg5 19. b3 Nb6 20. axb5 axb5
21. Ne3 Qc7 22. Qh5 Qd8 23. Ngf5 Bf6 24. Nxd6 Rf8 25. Nef5 Bxf5 26. Nxf5 Kh8 27. Qe2 Nb7 28. Rxa8 Qxa8 29. Qxb5 Qa5 30. Qxa5 Nxa5
31. Be3 Nd7 32. Ra1 Bd8 33. Kf1 c4 34. b4 Nc6 35. dxc6
1-0

[Event "A beginners playground"]
[Site "SchemingMind.com"]
[Date "2005.02.15"]
[Round "-"]
[White "fretless"]
[Black "Sebastian Strauchler"]
[Result "0-1"]
[WhiteCountry "NOR"]
[BlackCountry "ARG"]
[WhiteElo "1950"]
[WhiteRD "75"]
[BlackElo "1963"]
[BlackRD "123"]
[GameID "8776"]

1. e4 c5 2. f4 d5 3. exd5 Qxd5 4. Nc3 Qd8 5. Nf3 Nf6 6. Ne5 e6 7. Qf3 Be7 8. b3 Nfd7 9. Bb5 O-O 10. Nxd7 Nxd7
11. Bb2 Bh4+ 12. g3 Bf6 13. O-O-O Qc7 14. Rhe1 a6 15. Bd3 Rb8 16. Qe4 g6 17. h4 Bd4 18. Na4 Nf6 19. Qe2 b5 20. Bxd4 cxd4
21. Nb2 Bb7 22. Kb1 Rbc8 23. Qe5 Qxe5 24. Rxe5 Rc7 25. a4 Ng4 26. Ree1 bxa4 27. Nxa4 Nf2 28. Rc1 Nxd3 29. cxd3 Rfc8 30. Rxc7= Rxc7
31. Rc1 Rxc1+ 32. Kxc1 Bf3 33. b4 Kg7 34. Nc5 Kf6 35. Nxa6 Kf5 36. b5= Kg4 37. Nc5 Ba8 38. Ne4 h5 39. b6 f5 40. Nc5 Kxg3
41. Nxe6 Kxh4 42. Nxd4 Kg3
0-1

[Event "A beginners playground"]
[Site "SchemingMind.com"]
[Date "2005.02.15"]
[Round "-"]
[White "suruat"]
[Black "Sebastian Strauchler"]
[Result "0-1"]
[WhiteCountry "INT"]
[BlackCountry "ARG"]
[WhiteElo "1636"]
[WhiteRD "166"]
[BlackElo "1869"]
[BlackRD "184"]
[GameID "8777"]

1. Nf3 e6 2. d4 d5 3. e3 c5 4. c3 Nc6 5. Nbd2 Bd6 6. Bd3 e5 7. dxe5 Nxe5 8. Nxe5 Bxe5 9. Qh5 Bc7 10. O-O Nf6
11. Qg5 O-O 12. f4 Re8 13. Nf3 Ne4 14. Qh5 Nf6 15. Qh4 Ne4 16. Qxd8 Bxd8 17. Bb5 Re6 18. c4 Rb6 19. Nd2 Nxd2 20. Bxd2 a6
21. Ba4 dxc4 22. Ba5 Rd6 23. Bxd8 Rxd8 24. h3 Bf5 25. Bd1 Rd2 26. b3 Be4 27. Rf2 c3 28. Rc1 Rad8 29. Bc2 Rxf2 30. Bxe4 Rxa2
31. Rxc3 b6 32. Kh2 Kf8 33. h4 h6 34. Kh3 Ke7 35. g4 a5 36. Kg3 Ra3 37. g5 hxg5 38. hxg5 a4 39. Bc6 Rxb3
0-1

[Event "A beginners playground"]
[Site "SchemingMind.com"]
[Date "2005.02.16"]
[Round "-"]
[White "big_al"]
[Black "fretless"]
[Result "1-0"]
[WhiteCountry "ENG"]
[BlackCountry "NOR"]
[WhiteElo "1881"]
[WhiteRD "137"]
[BlackElo "1911"]
[BlackRD "74"]
[GameID "8798"]

1. c4 f5 2. g3 Nf6 3. Bg2 e6 4. Nc3 d5 5. d4 Be7 6. Nf3 O-O 7. O-O dxc4 8. Qa4 c6 9. Qxc4 Nd5 10. Bd2 Nd7
11. Rae1 N7b6 12. Qb3 Qc7 13. e4 fxe4 14. Nxe4 Qd8 15. Neg5 Nc7 16. Qd3 g6 17. Re4 Rf5 18. h4 Bf6 19. Bf4 Nbd5 20. Be5 b6
21. Rfe1 h6 22. Nh3 Bg7 23. Rg4 Ba6 24. Qd2 Ne7 25. Bxg7 Kxg7 26. Nf4 Qd6 27. Nxg6 Nxg6 28. Ne5 Rxe5 29. Rxe5
1-0

[Event "A beginners playground"]
[Site "SchemingMind.com"]
[Date "2005.02.16"]
[Round "-"]
[White "big_al"]
[Black "suruat"]
[Result "1-0"]
[WhiteCountry "ENG"]
[BlackCountry "INT"]
[WhiteElo "1847"]
[WhiteRD "165"]
[BlackElo "1573"]
[BlackRD "123"]
[GameID "8799"]

1. c4 Nf6 2. g3 g6 3. Bg2 Bg7 4. Nc3 O-O 5. d3 e6 6. e4 d6 7. Nf3 Nbd7 8. O-O c5 9. d4 b6 10. e5 dxe5
11. Nxe5 Nxe5 12. dxe5 Qxd1 13. Rxd1 Ng4 14. Bxa8 Ba6 15. Bg2 Nxe5 16. Bf4 Bxc4 17. Bxe5 Bxe5 18. Rd7 a5 19. Bf1 Bxf1 20. Kxf1 Rb8
21. Rad1 Bd4 22. Rd2 Kf8 23. Nb5 Ke8 24. Ra7
1-0

[Event "A beginners playground"]
[Site "SchemingMind.com"]
[Date "2005.02.16"]
[Round "-"]
[White "big_al"]
[Black "Open Defence"]
[Result "1-0"]
[WhiteCountry "ENG"]
[BlackCountry "IND"]
[WhiteElo "1881"]
[WhiteRD "137"]
[BlackElo "1556"]
[BlackRD "82"]
[GameID "8800"]

1. e4 c5 2. Nf3 d6 3. d4 cxd4 4. Nxd4 Nf6 5. Nc3 e6 6. g4 h6 7. Be3 Bd7 8. Bg2 Nc6 9. Qe2 Qc7 10. O-O-O h5
11. h3 e5 12. Nf5 Rc8 13. Nb5 Qa5 14. Nbxd6+ Bxd6 15. Nxd6+ Ke7 16. Nxc8+ Bxc8 17. a3 Be6 18. g5 Nd7 19. Qd2 Qa4 20. f4 Rd8
21. f5 Nc5 22. Bxc5+
1-0

[Event "A beginners playground"]
[Site "SchemingMind.com"]
[Date "2005.02.16"]
[Round "-"]
[White "big_al"]
[Black "Sebastian Strauchler"]
[Result "1/2-1/2"]
[WhiteCountry "ENG"]
[BlackCountry "ARG"]
[WhiteElo "1871"]
[WhiteRD "115"]
[BlackElo "2002"]
[BlackRD "107"]
[GameID "8801"]

1. e4 c5 2. Nf3 Nc6 3. d4 cxd4 4. Nxd4 g6 5. c4 Bg7 6. Be3 Nf6 7. Nc3 Ng4 8. Qxg4 Bxd4 9. Bxd4 Nxd4 10. Qd1 e5
11. Be2 d6 12. O-O O-O 13. Bg4 f5 14. exf5 gxf5 15. Bf3 Kh8 16. Bd5 Rf6 17. f4 Rh6 18. Qd2 Qh4 19. g3 Qf6 20. fxe5 dxe5
21. Ne4 Qg7 22. Ng5 Rf6 23. Kh1 Bd7 24. Rae1 Re8 25. b3= b5 26. c5 b4 27. Nf3 Nc6 28. Qb2 e4 29. Nd4 Rh6 30. Bxc6 Bxc6
31. Re2 e3+ 32. Nxc6 Qxb2 33. Rxb2 Rxc6 34. Re1 Rxc5 35. Rbe2 Kg8 36. Kg2 Kf7 37. Kf3 Kf6 38. Rxe3 Rxe3+ 39. Rxe3 Rc2 40. Re2 Rxe2
41. Kxe2 Ke6 42. Ke3 Ke5 43. Kd3 h5 44. Ke3 Kf6 45. Kf4 Kg6 46. h4 Kf6 47. Kf3 Ke5 48. Ke3 a5 49. Kf3 Ke6=
1/2-1/2

[Event "A beginners playground"]
[Site "SchemingMind.com"]
[Date "2005.02.16"]
[Round "-"]
[White "fretless"]
[Black "big_al"]
[Result "0-1"]
[WhiteCountry "NOR"]
[BlackCountry "ENG"]
[WhiteElo "1950"]
[WhiteRD "75"]
[BlackElo "1847"]
[BlackRD "165"]
[GameID "8802"]

1. e4 e6 2. d4 d5 3. Nc3 Nf6 4. Bg5 Be7 5. e5 Nfd7 6. Bxe7 Qxe7 7. f4 O-O 8. Nf3 c5 9. dxc5 Nc6 10. Qd2 Nxc5
11. O-O-O a6 12. g4 b5 13. Bg2 b4 14. Ne2 Bd7 15. h4 a5 16. h5 b3 17. cxb3 a4 18. bxa4 Rxa4 19. Nfd4 Rxa2 20. Kb1 Rfa8
0-1

[Event "A beginners playground"]
[Site "SchemingMind.com"]
[Date "2005.02.15"]
[Round "-"]
[White "suruat"]
[Black "big_al"]
[Result "1/2-1/2"]
[WhiteCountry "INT"]
[BlackCountry "ENG"]
[WhiteElo "1573"]
[WhiteRD "123"]
[BlackElo "1847"]
[BlackRD "165"]
[GameID "8803"]

1. b3 Nf6 2. Bb2 g6 3. Nf3 Bg7 4. g3 O-O 5. c4 c5 6. Bg2 Nc6 7. O-O Rb8 8. Nc3 b6 9. e3 Bb7 10. Rc1 d5
11. d4 dxc4 12. bxc4 cxd4 13. exd4 Na5 14. Nb5 a6 15. Na3 Rc8 16. Qe2 Rc7 17. Rfd1 Qa8 18. Rd3 Rfc8 19. c5 e6 20. Qe1 Nd5
21. Rb1 Nc6 22. cxb6 Nxb6 23. Nc2 Nd5=
1/2-1/2

[Event "A beginners playground"]
[Site "SchemingMind.com"]
[Date "2005.02.15"]
[Round "-"]
[White "Open Defence"]
[Black "big_al"]
[Result "0-1"]
[WhiteCountry "IND"]
[BlackCountry "ENG"]
[WhiteElo "1418"]
[WhiteRD "75"]
[BlackElo "1850"]
[BlackRD "128"]
[GameID "8804"]

1. e4 e6 2. d4 d5 3. Nd2 Nf6 4. e5 Nfd7 5. Bd3 c5 6. c3 Nc6 7. Ne2 cxd4 8. cxd4 f6 9. exf6 Nxf6 10. Nf3 Bd6
11. O-O Qc7 12. Bg5 O-O 13. Rc1 Bd7 14. Ng3 Kh8 15. Bxf6 Rxf6 16. Ng5 g6 17. Qg4 Raf8 18. Qh4 Bc8 19. Bb5 Bf4 20. Bxc6 Bxc1
21. Rxc1 bxc6 22. Rxc6 Qg7 23. Qh3 Rxf2 24. Nxe6 Bxe6 25. Qxe6 Qxd4
0-1

[Event "A beginners playground"]
[Site "SchemingMind.com"]
[Date "2005.02.25"]
[Round "-"]
[White "Sebastian Strauchler"]
[Black "big_al"]
[Result "1-0"]
[WhiteCountry "ARG"]
[BlackCountry "ENG"]
[WhiteElo "1963"]
[WhiteRD "123"]
[BlackElo "1847"]
[BlackRD "165"]
[GameID "8805"]

1. e4 c5 2. Nf3 d6 3. c3 Nf6 4. Be2 Nc6 5. d4 g6 6. d5 Nb8 7. O-O Bg7 8. h3 Nbd7 9. Qc2 O-O 10. a4 e6
11. dxe6 fxe6 12. Rd1 d5 13. exd5 exd5 14. Bg5 Re8 15. Rxd5 Qc7 16. Rd1 Ne5 17. Na3 a6 18. Nc4 Nxc4 19. Bxc4+ Kh8 20. Bh4 Bf5
21. Qb3
1-0

[Event "A beginners playground"]
[Site "SchemingMind.com"]
[Date "2005.02.17"]
[Round "-"]
[White "bretofdfw"]
[Black "suruat"]
[Result "0-1"]
[WhiteCountry "USA"]
[BlackCountry "INT"]
[WhiteElo "1105"]
[WhiteRD "141"]
[BlackElo "1636"]
[BlackRD "166"]
[GameID "8935"]

1. e4 c5 2. d4 e6 3. Nf3 d5 4. exd5 exd5 5. Qe2+ Be7 6. dxc5 Nf6 7. Bg5 O-O 8. Bxf6 Bxf6 9. Nc3 Re8 10. Qxe8+ Qxe8+
11. Be2 Bxc3+ 12. bxc3 Bg4
0-1

[Event "A beginners playground"]
[Site "SchemingMind.com"]
[Date "2005.02.17"]
[Round "-"]
[White "bretofdfw"]
[Black "Sebastian Strauchler"]
[Result "0-1"]
[WhiteCountry "USA"]
[BlackCountry "ARG"]
[WhiteElo "1105"]
[WhiteRD "141"]
[BlackElo "1869"]
[BlackRD "184"]
[GameID "8937"]

1. e4 c5 2. Nc3 Nc6 3. Nf3 g6 4. Bc4 Bg7 5. Ng5 e6 6. d3 Nge7 7. Be3 b6 8. O-O h6 9. Nh3 d5 10. exd5 exd5
11. Nxd5 Nxd5 12. Bb5 Bb7 13. Bxc6+ Bxc6 14. c4 Nxe3 15. fxe3 O-O 16. Rb1 Qe7 17. d4 Qxe3+ 18. Nf2 Bxd4 19. Qe1 Qg5 20. g3 Qg4
0-1

[Event "A beginners playground"]
[Site "SchemingMind.com"]
[Date "2005.02.17"]
[Round "-"]
[White "suruat"]
[Black "bretofdfw"]
[Result "1-0"]
[WhiteCountry "INT"]
[BlackCountry "USA"]
[WhiteElo "1636"]
[WhiteRD "166"]
[BlackElo "1105"]
[BlackRD "141"]
[GameID "8940"]

1. e4 e5 2. g3 Nf6 3. Bg2 Bc5 4. c3 O-O 5. d4 exd4 6. cxd4 Bb6 7. Bg5 h6 8. Be3 Re8 9. e5 Ba5+ 10. Nc3 Re6
11. Ne2 Ng4 12. O-O Bxc3 13. bxc3 Nxe3 14. fxe3
1-0

[Event "A beginners playground"]
[Site "SchemingMind.com"]
[Date "2005.02.18"]
[Round "-"]
[White "ChuckBoudreaux"]
[Black "fretless"]
[Result "1/2-1/2"]
[WhiteCountry "USA"]
[BlackCountry "NOR"]
[WhiteElo "1843"]
[WhiteRD "117"]
[BlackElo "1950"]
[BlackRD "75"]
[GameID "8952"]

1. e4 c5 2. Nf3 d6 3. Bc4 Nf6 4. O-O e6 5. Nc3 a6 6. d3 b5 7. Bb3 Bb7 8. a4 b4 9. Na2 Nc6 10. c3 bxc3
11. Nxc3 Rb8 12. d4 cxd4 13. Nxd4 Be7 14. Nxc6 Bxc6 15. Bc4 Nxe4 16. Nxe4 Bxe4 17. Bxa6 O-O 18. Qe2= d5 19. a5 Qc7 20. Bd3 Bxd3
21. Qxd3 Bf6 22. Qe2= Rfc8 23. a6 Ra8 24. Rd1 Be5 25. g3 Bf6 26. Be3 Qc4 27. Qxc4 Rxc4=
1/2-1/2

[Event "A beginners playground"]
[Site "SchemingMind.com"]
[Date "2005.02.18"]
[Round "-"]
[White "ChuckBoudreaux"]
[Black "suruat"]
[Result "1-0"]
[WhiteCountry "USA"]
[BlackCountry "INT"]
[WhiteElo "1843"]
[WhiteRD "117"]
[BlackElo "1573"]
[BlackRD "123"]
[GameID "8953"]

1. e4 c5 2. Nf3 e6 3. Nc3 Nc6 4. Bb5 Nf6 5. O-O d5 6. exd5 exd5 7. d4 Be7 8. dxc5 O-O 9. Be3 a6 10. Be2 Be6
11. h3 Qc7 12. Nd4 Rad8 13. Bf3 Nxd4 14. Qxd4 Nd7 15. Nxd5 Bxd5 16. Bxd5 Nxc5 17. Rad1 Bd6 18. Rfe1 Kh8 19. Qg4 Nd7 20. Qf3 Ne5
21. Qf5 Ng6 22. Bd4 f6 23. Be4 Bh2+ 24. Kh1 Be5 25. c3 Rfe8 26. Be3 Nf8 27. Rxd8 Rxd8 28. a4 Qc4 29. Bxb7 Qxa4 30. f4 Bc7
31. Bd4 Rb8 32. Bd5 Qb5 33. Qxf6
1-0

[Event "A beginners playground"]
[Site "SchemingMind.com"]
[Date "2005.02.18"]
[Round "-"]
[White "ChuckBoudreaux"]
[Black "Open Defence"]
[Result "1-0"]
[WhiteCountry "USA"]
[BlackCountry "IND"]
[WhiteElo "1843"]
[WhiteRD "117"]
[BlackElo "1589"]
[BlackRD "81"]
[GameID "8954"]

1. e4 e5 2. Nf3 Nc6 3. Bb5 a6 4. Ba4 Nf6 5. O-O Be7 6. Re1 b5 7. Bb3 d6 8. a4 Bb7 9. axb5 axb5 10. Rxa8 Qxa8
11. Nc3 b4 12. Nd5 O-O 13. Nxc7 Qc8 14. Nd5 Nxd5 15. Bxd5 Bf6 16. c4 bxc3 17. dxc3 Ba6 18. Be3 Ne7 19. Bb3 Bc4 20. Bxc4 Qxc4
21. Qxd6 Qb3 22. Nxe5 Qxb2 23. Nd7 Qxc3 24. Rc1 Qb2 25. Nxf8 Be5 26. Qxe7 Bd4 27. Qe8 h6 28. Ng6+ Kh7 29. Ne7 Bxe3 30. Qg8#
1-0

[Event "A beginners playground"]
[Site "SchemingMind.com"]
[Date "2005.02.18"]
[Round "-"]
[White "ChuckBoudreaux"]
[Black "Sebastian Strauchler"]
[Result "0-1"]
[WhiteCountry "USA"]
[BlackCountry "ARG"]
[WhiteElo "1691"]
[WhiteRD "150"]
[BlackElo "1899"]
[BlackRD "146"]
[GameID "8955"]

1. e4 c5 2. Nf3 Nc6 3. d4 cxd4 4. Nxd4 g6 5. c4 Bg7 6. Be3 Nf6 7. Nc3 Ng4 8. Qxg4 Bxd4 9. Qd1 Bxe3 10. fxe3 d6
11. Be2 Be6 12. O-O Rc8 13. Qa4 Qb6 14. Nd1 O-O 15. Qc2 Ne5 16. b3 Qc5 17. Qc3 b5 18. b4 Qc7 19. Rc1 Bxc4 20. Nb2 Qb7
21. Nxc4 Nxc4 22. Qd4 Ne5 23. a3 a6 24. Qd5 Qb6 25. Qd4 Qb7 26. Qd5= Qd7 27. Rxc8 Rxc8 28. Ra1 Rc2 29. Bd1 Rc3 30. Qd2 Qc6
31. a4 Rd3 32. axb5 axb5
0-1

[Event "A beginners playground"]
[Site "SchemingMind.com"]
[Date "2005.02.18"]
[Round "-"]
[White "ChuckBoudreaux"]
[Black "big_al"]
[Result "1-0"]
[WhiteCountry "USA"]
[BlackCountry "ENG"]
[WhiteElo "1875"]
[WhiteRD "99"]
[BlackElo "1881"]
[BlackRD "137"]
[GameID "8956"]

1. e4 e6 2. d4 d5 3. e5 c5 4. dxc5 Nc6 5. Nf3 Bxc5 6. Nc3 Nge7 7. Na4 Bb4+ 8. c3 Ba5 9. Bd3 Bc7 10. Bf4 Ng6
11. Bg5 f6 12. exf6 gxf6 13. Bh6 e5 14. Be2 Qd6 15. b4 Kf7 16. g3 Bf5 17. O-O Nce7 18. Nc5 b6 19. Na6 Be6 20. Nxc7 Qxc7
21. Rc1 Nf5 22. Bd2 h5 23. Ne1 h4 24. g4 Nd6 25. f4 exf4 26. Nd3 Ne4 27. Nxf4 Rag8 28. Nxe6 Kxe6 29. c4 d4 30. c5 Ne5
31. Bf4 Rd8 32. Bxe5 Qxe5 33. Rf5
1-0

[Event "A beginners playground"]
[Site "SchemingMind.com"]
[Date "2005.02.18"]
[Round "-"]
[White "fretless"]
[Black "ChuckBoudreaux"]
[Result "1/2-1/2"]
[WhiteCountry "NOR"]
[BlackCountry "USA"]
[WhiteElo "1950"]
[WhiteRD "75"]
[BlackElo "1843"]
[BlackRD "117"]
[GameID "8958"]

1. e4 e5 2. Nf3 Nc6 3. Bb5 a6 4. Ba4 Nf6 5. O-O Be7 6. Re1 O-O 7. Bxc6 dxc6 8. Nxe5 Re8 9. d4 c5 10. c3 c4
11. Nxc4 b5 12. Ne5 Bb7 13. Nd2 Bd6 14. Nxf7 Kxf7 15. e5 Bf8 16. exf6 Qxf6 17. Qb3+ Kg6 18. Qc2+ Qf5 19. Qxf5+ Kxf5 20. Re3 Rxe3
21. fxe3 Re8 22. Kf2 Bd6 23. Nf1 Rf8 24. Kg1 Ke4 25. Bd2 Kd3 26. Be1 Kc2 27. b4 Kb2 28. Rd1 Kc2 29. Ra1=
1/2-1/2

[Event "A beginners playground"]
[Site "SchemingMind.com"]
[Date "2005.02.18"]
[Round "-"]
[White "suruat"]
[Black "ChuckBoudreaux"]
[Result "0-1"]
[WhiteCountry "INT"]
[BlackCountry "USA"]
[WhiteElo "1617"]
[WhiteRD "135"]
[BlackElo "1691"]
[BlackRD "150"]
[GameID "8959"]

1. g3 e5 2. Bg2 d5 3. e3 Nc6 4. d4 Nf6 5. Nf3 e4 6. Ne5 Nxe5 7. dxe5 Ng4 8. b3 Nxe5 9. Bb2 Bg4 10. Qd4 Nf3+
11. Bxf3 Bxf3 12. Rg1 Qd6 13. Nc3 f6 14. Nxd5 O-O-O 15. c4 Qa6 16. Qc3 Rxd5
0-1

[Event "A beginners playground"]
[Site "SchemingMind.com"]
[Date "2005.02.18"]
[Round "-"]
[White "Open Defence"]
[Black "ChuckBoudreaux"]
[Result "0-1"]
[WhiteCountry "IND"]
[BlackCountry "USA"]
[WhiteElo "1589"]
[WhiteRD "81"]
[BlackElo "1843"]
[BlackRD "117"]
[GameID "8960"]

1. e4 e5 2. Nf3 Nc6 3. Bb5 a6 4. Ba4 Nf6 5. O-O Be7 6. Re1 b5 7. Bb3 d6 8. c3 O-O 9. h3 Bb7 10. Bc2 Re8
11. d4 exd4 12. cxd4 Nb4 13. Nbd2 Nxc2 14. Qxc2 d5 15. e5 Ne4 16. Nxe4 dxe4 17. Nh2 Qxd4 18. Qxc7 Qd5 19. Be3 Bd8 20. Qd6 Qxe5
21. Qxe5 Rxe5 22. Ng4 Rd5 23. Rad1 f5 24. Nh2 Rc8 25. Rc1 Bf6 26. g4 Bxb2 27. Rxc8+ Bxc8 28. gxf5 Bxf5 29. Ng4 h5 30. Re2 Bc3
31. Rc2 b4 32. Nh2 Bxh3
0-1

[Event "A beginners playground"]
[Site "SchemingMind.com"]
[Date "2005.02.28"]
[Round "-"]
[White "Sebastian Strauchler"]
[Black "ChuckBoudreaux"]
[Result "0-1"]
[WhiteCountry "ARG"]
[BlackCountry "USA"]
[WhiteElo "1899"]
[WhiteRD "146"]
[BlackElo "1691"]
[BlackRD "150"]
[GameID "8961"]

1. e4 e5 2. Nf3 Nc6 3. Bb5 a6 4. Ba4 Nf6 5. O-O Be7 6. Re1 b5 7. Bb3 O-O 8. c3 d5 9. exd5 Nxd5 10. Nxe5 Nxe5
11. Rxe5 c6 12. d4 Bd6 13. Re1 Qh4 14. g3 Qh3 15. Re4 g5 16. Qf3 Bf5 17. Bc2 Bxe4= 18. Bxe4 Qe6 19. Bxg5 f5 20. Bd3 f4
21. Qe4 Qd7 22. Nd2 Rae8 23. Qg2 Qg4 24. Bh4 f3 25. Qf1 Nf4 26. Kh1 Nxd3 27. Qxd3 Re2 28. Kg1 Rxd2
0-1